00536nam a2200193Ia 4500008004100000020001800041082000800059100001500067245001800082250000600100260003200106300001700138500002400155650001000179700003900189942000700228952009000235999001700325230524s9999 xx 000 0 und d a9788131809426 bPUN aB.C.Punmia 0aR.C.C.Designs a1 aNew DelhibLaxmi Pub.c2015 a"xxi,1243p;" aQuantity Number: 1 aCivil aAshok Kumar Jain [etal....]941509 cBK 00104070aTATCLbTATCLcGENd2023-05-24l0o PUNp52994r2023-05-24w2023-05-24yBK c55773d55773